<?xml version="1.0" encoding="UTF-8"?><?xml-stylesheet type="text/xsl" href="static/style.xsl"?><OAI-PMH xmlns="http://www.openarchives.org/OAI/2.0/" xmlns:xsi="http://www.w3.org/2001/XMLSchema-instance" xsi:schemaLocation="http://www.openarchives.org/OAI/2.0/ http://www.openarchives.org/OAI/2.0/OAI-PMH.xsd"><responseDate>2026-06-05T12:29:29Z</responseDate><request verb="GetRecord" identifier="oai:riuma.uma.es:10630/8257" metadataPrefix="marc">https://riuma.uma.es/rest/oai/request</request><GetRecord><record><header><identifier>oai:riuma.uma.es:10630/8257</identifier><datestamp>2026-04-08T11:40:02Z</datestamp><setSpec>com_10630_2254</setSpec><setSpec>col_10630_37959</setSpec></header><metadata><record xmlns="http://www.loc.gov/MARC21/slim" xmlns:dcterms="http://purl.org/dc/terms/" xmlns:doc="http://www.lyncode.com/xoai" xmlns:xsi="http://www.w3.org/2001/XMLSchema-instance" xsi:schemaLocation="http://www.loc.gov/MARC21/slim http://www.loc.gov/standards/marcxml/schema/MARC21slim.xsd">
   <leader>00925njm 22002777a 4500</leader>
   <datafield ind2=" " ind1=" " tag="042">
      <subfield code="a">dc</subfield>
   </datafield>
   <datafield ind2=" " ind1=" " tag="720">
      <subfield code="a">Labajos-Manzanares, María Teresa</subfield>
      <subfield code="e">author</subfield>
   </datafield>
   <datafield ind2=" " ind1=" " tag="720">
      <subfield code="a">Moreno-Morales, Noelia</subfield>
      <subfield code="e">author</subfield>
   </datafield>
   <datafield ind2=" " ind1=" " tag="720">
      <subfield code="a">Casuso Holgado, María Jesús</subfield>
      <subfield code="e">author</subfield>
   </datafield>
   <datafield ind2=" " ind1=" " tag="720">
      <subfield code="a">Iglesias-Parra, María Rosa</subfield>
      <subfield code="e">author</subfield>
   </datafield>
   <datafield ind2=" " ind1=" " tag="720">
      <subfield code="a">Cuesta-Vargas, Antonio</subfield>
      <subfield code="e">author</subfield>
   </datafield>
   <datafield ind2=" " ind1=" " tag="720">
      <subfield code="a">García-Guerrero, Alfonso María</subfield>
      <subfield code="e">author</subfield>
   </datafield>
   <datafield ind2=" " ind1=" " tag="720">
      <subfield code="a">Rogero Anaya, P</subfield>
      <subfield code="e">author</subfield>
   </datafield>
   <datafield ind2=" " ind1=" " tag="720">
      <subfield code="a">Lantarón Caeiro, Eva María</subfield>
      <subfield code="e">author</subfield>
   </datafield>
   <datafield ind2=" " ind1=" " tag="720">
      <subfield code="a">Barón-López, Francisco Javier</subfield>
      <subfield code="e">author</subfield>
   </datafield>
   <datafield ind2=" " ind1=" " tag="720">
      <subfield code="a">Rodríguez-Martínez, María del Carmen</subfield>
      <subfield code="e">author</subfield>
   </datafield>
   <datafield ind2=" " ind1=" " tag="260">
      <subfield code="c">2014-10-20</subfield>
   </datafield>
   <datafield ind2=" " ind1=" " tag="520">
      <subfield code="a">Purpose: The main purpose of this study is to know and compare motivational facts and vocational behaviour among students of physical therapy and occupational therapy. Other secondary objectives are:&#xd;
•	To know the satisfaction these students report with their university studies&#xd;
•	To analyze the level of academic decision about their professional future.&#xd;
•	To know if these students have an effective academic behavior.&#xd;
&#xd;
Participants. Participants were 141 Spanish collegue students who volunteered for the study. They were students of second and third year of Physical therapy (69) and Occupational therapy (72) in the University of Malaga.&#xd;
Methods: Cross-sectional design. Paticipants completed in one setting the “Cuestionario de Biodatos Universitarios - CBU- The CBU is a 9 item scale that offers information about student academic motivation, academic decisions, satisfaction or future professional purpose. Each questionnaire response is assigned a value with a maximum possible total score of 26.&#xd;
&#xd;
Results: Regarding student satisfaction, 68.1% of physical therapy (PT) student are very satisfied with the career choices they made in thei day, like the 56.95% of students in occupational therapy (OT). Regarding the degree of academic decision on the professional expertise they would like to pursue in the future, 44,9% doe not have anything decided in PT, similar to the 36,1% found in OT. After completing his studies, 48,62% of OT students planning to do a Master or postgraduate course compared with the 81.1% referring this intention in PT. In relation to the exercise of the profession immediately obtained similar results in both degrees, 56.95% in OT and 66.2% in PT. Only 6.95% of repondents in OT and 14.49% in PT have not decided yet. Among the difficulties or problems for a decision by a specialty or area of works, 57.9%  highlights the lack of information on the characteristics of that product in PT and 31.95% at OT, whereas only 2.9% and 5.56% refer to that no option would fully satisfied respectively. Comprehensively analyzed, and pre-vocational behaviour of respondents was fully efficient, so that in all cases there is an effective career development, slightly better in pupils PT.&#xd;
Conclusions: The descriptive analysis of a sample CBU draws us highly satisfied with their university studies, with an efficient vocational behaviour, who knows the need for specialization through graduate school, but lacks sufficient information in making their decisions.</subfield>
   </datafield>
   <datafield ind1="8" ind2=" " tag="024">
      <subfield code="a">http://hdl.handle.net/10630/8257</subfield>
   </datafield>
   <datafield tag="653" ind2=" " ind1=" ">
      <subfield code="a">Fisioterapia - Estudio y enseñanza</subfield>
   </datafield>
   <datafield tag="653" ind2=" " ind1=" ">
      <subfield code="a">Motivación (Psicología)</subfield>
   </datafield>
   <datafield ind2="0" ind1="0" tag="245">
      <subfield code="a">Physical Therapy and Occupational Therapy student's motivation. A Comparative study in the University of Malaga, Spain</subfield>
   </datafield>
</record>
</metadata></record></GetRecord></OAI-PMH>